Darvinizmus na Slovensku K 100. výročiu smrti Ch. Darwina a k 140. vzniku Darwinovej evolučnej teórie

Podrobná bibliografia
Hlavný autor: Palová, Zuzana (Autor)
Médium: Článok
Jazyk:slovenčina
Fyzický popis:Obr. 1.
Predmet:

MARC

LEADER 00000nab a2200000 a 4500
001 vtls000113909
003 SK-MaSNL
005 20260303023843.0
008 220422c1982 xo 0 slo
015 |a SNBRB19rr/mm-uuuuu 
035 |a CL0124012 
040 |a SNKBUCL  |b slo  |c SNKBUCL  |e AACR2 
041 0 |a slo 
044 |a xo  |c SK 
080 |a 575  |2 1981 
080 |a 5  |2 1981 
080 |a 929 Darwin, Charles  |2 1981 
100 1 |a Palová, Zuzana  |4 aut  |9 626009 
245 1 0 |a Darvinizmus na Slovensku  |b K 100. výročiu smrti Ch. Darwina a k 140. vzniku Darwinovej evolučnej teórie  |c Zuzana Palová 
300 |b Obr. 1. 
600 1 7 |a Darwin, Charles,  |d 1809-1882  |2 snkbucl  |9 85679 
650 0 7 |a darwinizmus  |2 snkbucl  |9 28532 
655 7 |a články z novín a časopisov  |2 snkbucl  |9 267496 
773 0 |t Ľud  |g Roč. 35, č. 88 (15. 4. 1982), s. 4 
850 |a Slovenská národná knižnica v Martine  |a MTA001 
852 |a SNK  |b KIS3GCP 
958 |a RK 
958 |a ME 
992 |a RBX 
999 |c 1636799  |d 1638729